MARC

LEADER 00000nam0a2200000 4500
001 315828
005 20231102002821.0
020 |a RU  |b 82-60395 
035 |a (RuTPU)RU\TPU\book\341265 
090 |a 315828 
100 |a 20160310d1982 km y0rusy5003 ca 
101 0 |a rus 
102 |a RU 
105 |a a z 001zy 
200 1 |a Активация кислорода ферментными системами  |f Д. И. Метелица  |g Академия наук СССР (АН СССР) 
210 |a Москва  |c Наука  |d 1982 
215 |a 256 с.  |c ил. 
320 |a Библиогр.: с. 249-253 
606 1 |a Окислительно-восстановительные процессы в организме  |x Электрохимические исследования  |2 stltpush  |3 (RuTPU)RU\TPU\subj\46886  |9 65975 
610 1 |a кислород 
610 1 |a активация 
610 1 |a ферментные системы 
610 1 |a мультиферментные системы 
610 1 |a молекулярный кислород 
610 1 |a микросомы 
610 1 |a печень 
610 1 |a митохондрии 
610 1 |a надпочечники 
610 1 |a окисление 
610 1 |a цитохром 
675 |a 577.12  |v 3 
700 1 |a Метелица  |b Д. И.  |g Дмитрий Иванович 
712 0 2 |a Академия наук СССР (АН СССР)  |c (Ленинград/Москва)  |c (1925-1991)  |2 stltpush  |3 (RuTPU)RU\TPU\col\722 
801 0 |a RU  |b RuMRKP  |c 19950704  |g psbo 
801 1 |a RU  |b 63413507  |c 20160310 
801 2 |a RU  |b 63413507  |c 20191120  |g RCR 
942 |c BK